Les chiffres du Clavier ? (facile) - Statistiques

Statistiques générales
  • Ce quiz a été pris 481 fois
    479 depuis la dernière actualisation
  • Le résultat moyen est 10 sur 10
Statistiques - réponses
Réponse % Correct
0
100%
1
97%
2
96%
3
96%
4
95%
5
94%
6
93%
7
93%
8
93%
9
93%
Aucun quiz correspondant
Distribution des résultats
% des personnes avec chaque résultat
Percentile par nombre de réponses
Votre historique - résultats
Vous n’avez pas pris ce quiz depuis la dernière actualisation